Normal view
MARC view
- A. Kearsey
Entry Personal Name
001 - CONTROL NUMBER
- control field: 106337
003 - CONTROL NUMBER IDENTIFIER
- control field: NUST
005 - DATE AND TIME OF LATEST TRANSACTION
- control field: 20221229120710.0
008 - FIXED-LENGTH DATA ELEMENTS
- fixed length control field: 221229|| aca||aabn | a|a d
040 ## - CATALOGING SOURCE
- Original cataloging agency: NUST
- Transcribing agency: NUST
100 ## - HEADING--PERSONAL NAME
- Personal name: A. Kearsey
670 ## - SOURCE DATA FOUND
- Source citation: Work cat.: (NUST)185503: A. Kearsey, Notes and lectures on the campaign in mesopotamia / , 1927
